01375nam a2200229Ia 4500999001700000008004100017010001000058020001100068040000800079041000700087082002500094110002400119245006700143250000800210260004900218300001800267500001300285505069800298650001700996942001701013952011501030 c10233d10233141014s9999||||xx |||||||||||||| ||und|| a10083 aS/ISBN aANE aEs a030 E77 1965-66 Ejm1 aEspasa- Calpes S.A. aEnciclopedia Universal Ilustrada Europeo AmericanabSuplemento aS/E aMadrid, Barcelonac1931bEspasa- Calpesa s.a a1508 pc25 cm aíndice aAeronáutica.- Antropología.- Arquitectura y urbanismo.- Arte militar.- Artes plásticas.- Astronáutica.- Astronomía.- Automovilismo.- Biografía y necrología.- Cinematografía.- Deportes.- Derecho.- Efemérides.- Espeleología.- Expediciones y viajes.- Exploración submarina.- Farmacia.- Filatelia.- Física.- Ganadería.- eografía e historia.- Industria e ingeniería.- LIteratura.- Marketing.- Mecanización de la agricultura.- Medicina.- Moda contemporánea.- Música y danza.- Periodismo.- Política internacional.- Prehistoria.- Publicidad.- Química.- Radio y televisión.- Religión.- Sociología.- Tauromaquia.- Teatro.- Turismo.- Veterinaria.- Zootecnia. aEnciclopedia cBK2ddczNr. 00102ddc4070aAN01bAN01d2025-05-06eDonacióno 030 E77 1965-66 Ejm1 p10083r2014-10-14w2014-10-14yBK